Gibt es überhaupt ein Land, das...? - Sudden Death - Statistiken

Allgemein
  • Dieses Quiz wurde 3.748 mal gespielt
    1.165 seit der letzten Aktualisierung
  • Das Durchschnittsergebnis liegt bei 4 aus 21
Answers on the Grid
Answers color-coded by a green-red scale on the quiz's grid according to % correct below.
...hat mehr als eine Milliarde Einwohner
...beginnt mit dem Buchstaben O
...hat eine Hauptstadt, die mit dem Buchstaben Q beginnt
...hat eine nicht viereckige Flagge
...grenzt an mindestens 14 Staaten
...es hat keine offizielle Hauptstadt
...hat eine höhere Bevölkerungsdichte als New York
...ist Teil der Europäischen Union, aber nicht der NATO
...hat mehr als eine Million Soldaten
...hat mehr als 200.000 km Seeküste
...ist landumschlossen
...hat den gleichen Anfangsbuchstaben wie die Hauptstadt
...überblickt mindestens 2 Ozeane
...trat im 21. Jahrhundert der UNO bei
...hat sowohl die Olympischen Sommer- als auch die Winterspiele ausgetragen
...hat eine Hauptstadt mit weniger als 500 Einwohnern
...hat eine Hauptstadt unterhalb des Meeresspiegels
...hat die Farbe Lila in seiner Flagge
...hat keine Flughäfen
...hat mindestens 60 UNESCO-Stätten
...wird sowohl von den Alpen als auch von den Pyrenäen durchquert
...wird sowohl vom Äquator als auch vom Meridian von Greenwich gekreuzt
...hat mindestens 6 Fußball-Weltmeisterschaften gewonnen
...grenzt sowohl an Deutschland als auch an Rumänien
... hat mindestens eine Million Inseln
...wird von mindestens 13 Zeitzonen durchquert
...beginnt mit dem Buchstaben X
...hat eine Hauptstadt, die mit dem Buchstaben X beginnt
...hat eine durchschnittliche Höhe von mehr als 3 000 Metern
...hat die nördlichste Hauptstadt am Polarkreis
...endet auf „stan“, liegt aber nicht in Asien
...hat ein Kapital von nur 2 Buchstaben
...hat eine Lebenserwartung von weniger als 30 Jahren
...wird sowohl von der Donau als auch von der Wolga durchflossen
...hat 4 Hauptstädte
...hat mindestens 2000 Goldmedaillen bei den Olympischen Spielen gewonnen
...hat eine Flagge mit nur einer Farbe
...hat eine Fläche größer als der Mond
...hat eine Fertilitätsrate von mehr als 8 Kindern pro Frau
...hat mindestens 15 Oscars für den besten internationalen Film gewonnen
...trat 1946 der Europäischen Union bei
...hat ein durchschnittliches Alter von mindestens 55 Jahren
 
Antwortstatistiken
Antwort % Korrekt
...ist landumschlossen
35%
...beginnt mit dem Buchstaben O
32%
...hat eine nicht viereckige Flagge
27%
...hat mehr als eine Milliarde Einwohner
27%
...hat den gleichen Anfangsbuchstaben wie die Hauptstadt
26%
...hat mehr als eine Million Soldaten
25%
...hat keine Flughäfen
24%
...ist Teil der Europäischen Union, aber nicht der NATO
23%
...hat sowohl die Olympischen Sommer- als auch die Winterspiele ausgetragen
21%
...überblickt mindestens 2 Ozeane
20%
...hat eine Hauptstadt, die mit dem Buchstaben Q beginnt
18%
...hat eine Hauptstadt unterhalb des Meeresspiegels
18%
...hat eine höhere Bevölkerungsdichte als New York
17%
...wird sowohl von den Alpen als auch von den Pyrenäen durchquert
17%
...es hat keine offizielle Hauptstadt
15%
...trat im 21. Jahrhundert der UNO bei
15%
...hat die Farbe Lila in seiner Flagge
14%
...hat eine Hauptstadt mit weniger als 500 Einwohnern
13%
...grenzt an mindestens 14 Staaten
12%
...hat mehr als 200.000 km Seeküste
12%
...hat mindestens 60 UNESCO-Stätten
7%
Keine übereinstimmenden Quizze gefunden
Verteilung der Resultate
Anzahl Personen mit jedem Resultat
Perzentil nach korrekt beantworteten Fragen
Ihre Resultats-Entwicklung
Sie haben dieses Quiz seit der letzten Aktualisierung nicht gespielt